LEADER 01765nam a2200349 i 4500 001 000000128855 003 CaOOAMICUS 005 20240715095848.0 008 041021s2004 it u000 u ita u 020 $a88-214-2588-6 040 $aSeMil$bita 110 2 $aAmerican Psychiatric Association.$0(OLS)http://semarc/name/53557 240 10$aDiagnostic and statistical manual of mental disorders.$0(OLS)http://semarc/title/449245 243 10$aDSM 245 10$aDSM-4-TR :$bmanuale diagnostico e statistico dei disturbi mentali : text revision /$cAmerican Psychiatric Association ; quarta edizione italiana a cura di Vittorino Andreoli, Giovanni B. Cassano, Romolo Rossi. 260 $aMilano :$bMasson,$c2004. 264 1$aMilano :$bMasson,$c2004. 300 $aXXVI, 1002 p. ;$c25 cm. 650 4$aPsicopatie - Manuali - Classificazione.$0(OLS)http://semarc/subject/25462 650 4$aDiagnostica psichiatrica - Manuali.$0(OLS)http://semarc/subject/25463 650 4$aPsichiatria - Disturbi psichici.$0(OLS)http://semarc/subject/25464 700 1 $aCassano, Giovanni B.$0(OLS)http://semarc/name/53558 700 1 $aAndreoli, Vittorino,$d<1940- >.$0(OLS)http://semarc/name/3255 850 $aSeMil 852 $aSeMil$W1$xVenegono$y1$mSL1.M VI 29$j249314$B83033$CSeMilBibl$Z2$F88037 $8I 961 $aAcquisto: Masson 996 $6020$a88-214-2588-6$9(OLS)http://semarc/number/115501 996 $6245$aDSM-4-TR :$bmanuale diagnostico e statistico dei disturbi mentali : text revision$9(OLS)http://semarc/title/190397 996 $6243$aDSM$9(OLS)http://semarc/title/449246 996 $6260$aMilano :$bMasson$9(OLS)http://semarc/publisher/39457 996 $6264$aMilano :$bMasson$9(OLS)http://semarc/publisher/39457 LEADER 01197nam a2200241 i 4500 001 000000212081 003 CaOOAMICUS 005 20200519145535.0 008 120328s1844 it u000 u mul u 013 $a190910 040 $aSeMil$bita 245 10$aVol. 1. 264 1$aVenezia :$bTip. di Giuseppe Antonelli,$c1844. 300 $acxx, 446, 270, 215 col. ;$c27 cm. 490 0 $aBiblioteca degli scrittori latini : con testo a fronte 500 $aFront. e testo originale a fronte. - Contiene : Eroidi, Consolazione a Livia Augusta, Pescagione, Noce, Liscii, Amori, Arte amatoria, Remedii d'amore. 773 0 $aOvidius Naso, Publius <43 a.C.-17 d.C.>$tOpere di Publio Ovidio Nasone.$dVenezia : Dalla Tip. di Giuseppe Antonelli, 1844.$kBiblioteca degli scrittori latini : con testo a fronte$g1$w()26505 830 0$aBiblioteca degli scrittori latini : con testo a fronte.$0(OLS)http://semarc/title/35760 850 $aSeMil 852 $aSeMil$W1$xVenegono$y1$m1X IV 47 FA$j162516$B162516$CSeMilBibl$Z2$F173802 $8I 996 $6245$aVol. 1$9(OLS)http://semarc/title/13429 996 $6264$aVenezia :$bTip. di Giuseppe Antonelli$9(OLS)http://semarc/publisher/52626